000 00500nam a2200169Ia 4500
999 _c8670
_d8670
003 OSt
005 20200827104034.0
008 190216s9999||||xx |||||||||||||| ||und||
040 _coclc
082 _a005.369
_bROA/E
100 _aRoach, Roy
_94377
245 0 _aExcel 5 For Windows in Easy Steps /
_cRoy Roach
260 _bAffiliated East West Press,
_c1994.
_aNew Delhi:
300 _a336p
650 _aComputer Science
942 _cBK
_2ddc
_h005.369
_iROA/E
_k005.369
_mROA/E